000 00851nam a22002177a 4500
999 _c64506
_d64506
005 20240530110735.0
008 180712s2005 ua a g b 000 0 ara d
040 _aEG-CaGPL
_cEG-CaGPL
082 0 4 _221
_a155.28 /
_bع ع
100 0 _aعفاف محمد عبدالمنعم
245 1 0 _aعلم النفس المعملى :
_bقياس الشخصية /
_cعفاف محمد عبدالمنعم
260 _aالقاهرة :
_bدار المعرفة الجامعية ،
_c2005.
300 _a252 ص. :
_bجداول ؛
_c24 سم.
504 _aيشتمل على ارجاعات ببليوجرافية
650 0 7 _2qrmak
_aالاختبارات الشخصية
650 0 7 _2qrmak
_aالشخصية
_xعلم النفس
650 0 7 _2qrmak
_aالصحة النفسية
651 _2qrmak
942 _2ddc
_cBK